"Data Structures, Algorithms and Object Oriented Programming" (Record no. 33210)

MARC details
000 -LEADER
fixed length control field 00402nam a2200157Ia 4500
008 - FIXED-LENGTH DATA ELEMENTS--GENERAL INFORMATION
fixed length control field 230524s9999 xx 000 0 und d
082 ## - DEWEY DECIMAL CLASSIFICATION NUMBER
Classification number 5.133
Item number HEI
100 ## - MAIN ENTRY--AUTHOR NAME
Personal name G.L.Heineman
245 #0 - TITLE STATEMENT
Title "Data Structures, Algorithms and Object Oriented Programming"
250 ## - EDITION STATEMENT
Edition statement 1ST
260 ## - PUBLICATION, DISTRIBUTION, ETC. (IMPRINT)
Place of publication NEW DELHI
Name of publisher TMH
Year of publication 2002
300 ## - PHYSICAL DESCRIPTION
Number of Pages XII;439
500 ## - GENERAL NOTE
General note Quantity Number: 2
650 ## - SUBJECT ADDED ENTRY--TOPICAL TERM
Topical Term Comp-Sc
942 ## - ADDED ENTRY ELEMENTS (KOHA)
Koha item type Books
Holdings
Lost status Damaged status Permanent Location Current Location Shelving location Date acquired Full call number Accession Number Koha item type
    Central Library, Trident Academy of Technology Central Library, Trident Academy of Technology General Stacks 05/24/2023 005.133 HEI 9004 Books
    Central Library, Trident Academy of Technology Central Library, Trident Academy of Technology General Stacks 05/24/2023 005.133 HEI 9236 Books
Trident Academy of Technology © 2023.
All rights reserved.                                                                                                                                                                                                        Designed by Team of Central Library .

Powered by Koha